| Tag |
First Indicator |
Second Indicator |
Subfields |
| LEADER |
00000cam a2200000 a 4500 |
| 001 |
in00000081694 |
| 005 |
20151008054125.0 |
| 008 |
800714m19809999paua b 10010 eng d |
| 010 |
|
|
|a 80081141
|
| 020 |
|
|
|a 0800613902 (v. 1)
|
| 035 |
|
|
|a (OCoLC)06510515
|
| 035 |
|
|
|9 AAH9707AM
|
| 040 |
|
|
|a BJO
|c BJO
|d m.c.
|d TXA
|d UtOrBLW
|
| 049 |
|
|
|a TXAM
|v 1 [984857]
|
| 090 |
|
|
|a BL240.2
|b .W67 1979a
|
| 111 |
2 |
|
|a World Conference on Faith, Science, and the Future
|d (1979 :
|c Massachusetts Institute of Technology)
|
| 245 |
1 |
0 |
|a Faith and science in an unjust world :
|b report of the World Council of Churches' Conference on Faith, Science and the Future, Massachusetts Institute of Technology, Cambridge, USA, 12-24 July 1979.
|
| 264 |
|
1 |
|a Philadelphia :
|b Fortress Press,
|c [1980-]
|
| 264 |
|
4 |
|c ©1980-
|
| 300 |
|
|
|a volumes :
|b illustrations ;
|c 22 cm.
|
| 336 |
|
|
|a text
|b txt
|2 rdacontent
|
| 337 |
|
|
|a unmediated
|b n
|2 rdamedia
|
| 338 |
|
|
|a volume
|b nc
|2 rdacarrier
|
| 500 |
|
|
|a Illustrations on lining papers.
|
| 504 |
|
|
|a Includes bibliographical references.
|
| 505 |
0 |
|
|a v. 1. Plenary presentations / R.L. Shinn, ed.
|
| 650 |
|
0 |
|a Religion and science
|x History
|y 20th century
|x Congresses.
|
| 700 |
1 |
|
|a Shinn, Roger Lincoln.
|
| 710 |
2 |
|
|a World Council of Churches.
|
| 999 |
|
|
|a MARS
|
| 999 |
f |
f |
|s 4a815228-e138-3db1-b6dc-ab6047aea6a9
|i f4e7a221-1cd8-302a-8240-2c685a0635fb
|t 0
|
| 952 |
f |
f |
|p 7_day
|a Texas A&M University
|b College Station
|c Sterling C. Evans Library
|s Evans pres repr
|d Evans: Preservation Repair (see AskUs desk for assistance)
|t 0
|e BL240.2 .W67 1979a
|h Library of Congress classification
|i unmediated -- volume
|k v.1
|m A14806089431
|
| 998 |
f |
f |
|a BL240.2 .W67 1979a
|s v1
|t 0
|l Evans: Library Stacks
|